[Event "Malakhatko Memorial op"]
[Site "Chess.com INT"]
[Date "2023.06.14"]
[Round "5"]
[White "Bunda, Viktor"]
[Black "Stepaniuk, Karina"]
[Result "1-0"]
[WhiteElo "2245"]
[BlackElo "1552"]
[PlyCount "149"]
[EventDate "2023.06.14"]
[EventType "swiss (blitz)"]
[EventRounds "11"]
[EventCountry "USA"]
[SourceTitle "CBM 214 Extra"]
[Source "ChessBase"]
[SourceDate "2023.07.31"]
[SourceVersion "1"]
[SourceVersionDate "2023.07.31"]
[SourceQuality "1"]

1. d4 d5 2. c4 e6 3. Nf3 c6 4. g3 dxc4 5. Bg2 Nf6 6. 0-0 Bd6 7. a4 Nbd7 8. Qc2 e5 9. Qxc4 exd4 10. Nxd4 0-0 11. Nc3 Ne5 12. Qb3 Rb8 13. Rd1 Qe7 14. Bg5 h6 15. Bxf6 Qxf6 16. Ne4 Qe7 17. Nxd6 Qxd6 18. e3 Qe7 19. a5 c5 20. Nb5 a6 21. Nd6 Rd8 22. Nxc8 Rdxc8 23. Qb6 Nc4 24. Qb3 Nd6 25. Rd5 Nb5 26. Qc4 Rd8 27. Rad1 Rxd5 28. Bxd5 Nc7 29. Bf3 Ne6 30. Bg4 Qf6 31. b3 Qe7 32. Rd5 g6 33. Bxe6 fxe6 34. Rxc5 Rd8 35. Rc7 Rd1+ 36. Kg2 Qd6 37. Rc8+ Kg7 38. Qc7+ Kf6 39. Qxd6 Rxd6 40. Rb8 Rd7 41. Kf3 Ke5 42. Ke2 h5 43. Rc8 Kf5 44. h3 Ke5 45. f4+ Kf6 46. e4 e5 47. Rc5 exf4 48. gxf4 Ke6 49. f5+ gxf5 50. Rxf5 Rh7 51. Ke3 Kd6 52. b4 Kc6 53. Kd4 Kd6 54. Rf6+ Ke7 55. e5 Rg7 56. Rb6 Kd8 57. Kd5 Ke8 58. e6 Rg5+ 59. Kd6 Rg3 60. Rxb7 Rd3+ 61. Kc6 Rc3+ 62. Kb6 Rxh3 63. Kxa6 Re3 64. e7 h4 65. Rb8+ Kxe7 66. Rh8 h3 67. b5 Kd6 68. b6 Kc6 69. Rh6+ Kc5 70. b7 Rb3 71. Rxh3 Rxh3 72. b8Q Rc3 73. Qc7+ Kd4 74. Qxc3+ Kxc3 75. Kb7 1-0

[Event "Malakhatko Memorial op"]
[Site "Chess.com INT"]
[Date "2023.06.14"]
[Round "8"]
[White "Stepaniuk, Karina"]
[Black "Shevchuk, Dmytro"]
[Result "0-1"]
[WhiteElo "1552"]
[BlackElo "1856"]
[PlyCount "38"]
[EventDate "2023.06.14"]
[EventType "swiss (blitz)"]
[EventRounds "11"]
[EventCountry "USA"]
[SourceTitle "CBM 214 Extra"]
[Source "ChessBase"]
[SourceDate "2023.07.31"]
[SourceVersion "1"]
[SourceVersionDate "2023.07.31"]
[SourceQuality "1"]

1. d4 Nf6 2. c4 e5 3. dxe5 Ng4 4. Nf3 Nc6 5. Nc3 d6 6. exd6 Bxd6 7. e3 0-0 8. h3 Nf6 9. Be2 Bf5 10. 0-0 Qc8 11. a3 Rd8 12. Qe1 Bxh3 13. e4 Qg4 14. Nh4 Qxh4 15. gxh3 Qxh3 16. f4 Bc5+ 17. Rf2 Nd4 18. Rh2 Nxe2+ 19. Kh1 Ng3+ 0-1